000 00226nam a2200109Ia 4500
100 _a#N/A
942 _cBK
654 _adedian gnu/ linux/ dvd
245 _aDedian GNU/ Linux/ DVD Extreme
260 _b#N/A
546 _aENGLISH
999 _c31266
_d31266